Transboundary freshwater dispute resolution : (Record no. 451)
[ view plain ]
| 000 -LEADER | |
|---|---|
| fixed length control field | 00799nam a22002177a 4500 |
| 005 - DATE AND TIME OF LATEST TRANSACTION | |
| control field | 20150522030438.0 |
| 008 - FIXED-LENGTH DATA ELEMENTS--GENERAL INFORMATION | |
| fixed length control field | 000210s2000 ja b 001 0 eng |
| 010 ## - LIBRARY OF CONGRESS CONTROL NUMBER | |
| LC control number | |
| 020 ## - INTERNATIONAL STANDARD BOOK NUMBER | |
| International Standard Book Number | 9280810383 |
| 024 #0 - OTHER STANDARD IDENTIFIER | |
| Terms of availability | eng |
| 080 ## - UNIVERSAL DECIMAL CLASSIFICATION NUMBER | |
| Universal Decimal Classification number | 628.1 |
| 245 00 - TITLE STATEMENT | |
| Title | Transboundary freshwater dispute resolution : |
| Statement of responsibility, etc | by Heather L. Beach, Jesse Hamner, J.Joseph Hewitt, Edy Kaufman, Anja Kurki, Joe A. Oppenhemer, Aaron T. Wolf |
| 260 ## - | |
| -- | Tokyo ; |
| -- | New York : |
| -- | United Nations University Press, |
| -- | 2000. |
| 300 ## - | |
| -- | 324 f. ; |
| -- | 23 cm. |
| 440 #0 - | |
| -- | Water resources management and policy series |
| 504 ## - BIBLIOGRAPHY, ETC. NOTE | |
| Bibliography, etc | Includes bibliographical references (p. 268-320) and index. |
| 650 #0 - | |
| -- | Uji |
| 650 #0 - | |
| -- | Ndikimi i Mjedisit |
| 700 1# - | |
| -- | Beach, Heather L. |
| 942 ## - ADDED ENTRY ELEMENTS (KOHA) | |
| Source of classification or shelving scheme | |
| Item type | Books |
| Withdrawn status | Lost status | Source of classification or shelving scheme | Damaged status | Not for loan | Collection code | Permanent location | Current location | Shelving location | Date acquired | Total Checkouts | Full call number | Barcode | Date last seen | Koha item type | Price effective from |
|---|---|---|---|---|---|---|---|---|---|---|---|---|---|---|---|
| Koleksioni i përgjithshem | UBT - Ferizaj | UBT - Ferizaj | Koleksioni i përgjithshem | 05/17/2014 | 628.1 BEA | 003000421 | 05/17/2014 | Books | |||||||
| Koleksioni i përgjithshem | UBT - Ferizaj | UBT - Ferizaj | Koleksioni i përgjithshem | 05/17/2014 | 628.1 BEA | 003000422 | 05/17/2014 | Books | |||||||
| Koleksioni i përgjithshem | UBT - Ferizaj | UBT - Ferizaj | Koleksioni i përgjithshem | 05/17/2014 | 628.1 BEA | 003000423 | 05/17/2014 | Books | |||||||
| Koleksioni i përgjithshem | UBT - Ferizaj | UBT - Ferizaj | Koleksioni i përgjithshem | 05/17/2014 | 628.1 BEA | 003000424 | 05/17/2014 | Books | |||||||
| Koleksioni i përgjithshem | UBT - Ferizaj | UBT - Ferizaj | Koleksioni i përgjithshem | 05/17/2014 | 628.1 BEA | 003000425 | 05/17/2014 | Books | |||||||
| Koleksioni i përgjithshem | UBT - Ferizaj | UBT - Ferizaj | Koleksioni i përgjithshem | 05/17/2014 | 628.1 BEA | 003000426 | 05/17/2014 | Books | |||||||
| Koleksioni i përgjithshem | UBT - Ferizaj | UBT - Ferizaj | Koleksioni i përgjithshem | 05/17/2014 | 628.1 BEA | 003000427 | 05/17/2014 | Books | |||||||
| Koleksioni i përgjithshem | UBT - Ferizaj | UBT - Ferizaj | Koleksioni i përgjithshem | 05/17/2014 | 628.1 BEA | 003000428 | 05/17/2014 | Books | |||||||
| Koleksioni i përgjithshem | UBT - Ferizaj | UBT - Ferizaj | Koleksioni i përgjithshem | 05/17/2014 | 628.1 BEA | 003000429 | 05/17/2014 | Books | |||||||
| Koleksioni i përgjithshem | UBT - Ferizaj | UBT - Ferizaj | Koleksioni i përgjithshem | 05/17/2014 | 628.1 BEA | 003000430 | 05/17/2014 | Books | |||||||
| Koleksioni i përgjithshem | UBT - Lipjan | UBT - Lipjan | Koleksioni i përgjithshem | 05/22/2015 | 628.1 BEA | 05/22/2015 | Books | 05/22/2015 |